Clubs de Ligue 1 2022/2023 - Statistiques

Statistiques générales
  • Ce quiz a été pris 200 fois
  • Le résultat moyen est 19 sur 20
Statistiques - réponses
Réponse % Correct
OLYMPIQUE DE MARSEILLE
100%
PARIS SG
100%
OLYMPIQUE LYONNAIS
99%
LILLE OSC
98%
RC LENS
98%
STADE RENNAIS
98%
AS MONACO
95%
FC NANTES
95%
OGC NICE
95%
RC STRASBOURG ALSACE
94%
AJ AUXERRE
93%
TOULOUSE FC
93%
STADE BRESTOIS
92%
CLERMONT FOOT
90%
MONTPELLIER HSC
89%
ANGERS SCO
88%
FC LORIENT
87%
STADE DE REIMS
87%
ACAJACCIO
84%
ESTAC TROYES
82%
Aucun quiz correspondant
Distribution des résultats
% des personnes avec chaque résultat
Percentile par nombre de réponses
Votre historique - résultats
Vous n’avez pas pris ce quiz